Statistics for Every County in Virginia

Click here to take the quiz!

General Stats

  • This quiz has been taken 6 times
  • The average score is 44 of 133

Answer Stats

CountyPopulationArea (sq mi)Politics% Correct
Fairfax1,150,847397Left
100%
Fairfax City23,4296Left
100%
Prince William475,533342Left
100%
Alexandria158,72615Left
67%
Arlington232,96526Left
67%
Bristol City17,32913Right
67%
Charlotte11,820477Right
67%
Chesapeake247,011350Center
67%
Essex10,943262Leans Right
67%
Falls Church14,6312Left
67%
Hampton135,46453Left
67%
Loudoun422,784521Leans Left
67%
Martinsville12,35511Left
67%
Norfolk242,80357Left
67%
Richmond9,071193Right
67%
Richmond City232,22663Left
67%
Roanoke94,509251Right
67%
Roanoke City99,05843Left
67%
Salem25,34015Right
67%
Stafford156,748272Leans Right
67%
Sussex10,925493Leans Left
67%
Virginia Beach451,231260Center
67%
Accomack33,246455Leans Right
33%
Albemarle113,535723Left
33%
Amelia13,268357Right
33%
Amherst31,273475Right
33%
Appomattox16,353334Right
33%
Bath4,119535Right
33%
Bedford79,811771Right
33%
Bland6,239359Right
33%
Brunswick16,037569Leans Left
33%
Buckingham17,168584Leans Right
33%
Campbell55,304509Right
33%
Caroline30,860539Leans Right
33%
Charles City6,821187Leans Left
33%
Charlottesville46,95010Left
33%
Chesterfield358,245434Center
33%
Clarke14,622178Right
33%
Colonial Heights17,2058Right
33%
Covington5,6396Right
33%
Culpeper53,569382Right
33%
Danville39,86944Leans Left
33%
Emporia5,2377Left
33%
Fauquier71,361651Right
33%
Floyd15,777381Right
33%
Fluvanna27,422290Leans Right
33%
Franklin56,167711Right
33%
Franklin City7,8338Left
33%
Frederick91,119416Right
33%
Fredericksburg29,49211Left
33%
Galax6,2968Right
33%
Giles16,663361Right
33%
Gloucester37,459221Right
33%
Goochland24,421289Right
33%
Grayson15,493446Right
33%
Greene20,121157Right
33%
Greensville11,280297Leans Left
33%
Halifax33,633830Right
33%
Hanover108,262474Right
33%
Harrisonburg53,20418Left
33%
Henrico333,766242Left
33%
Henry50,309384Right
33%
Hopewell22,37510Leans Left
33%
Isle of Wight37,725320Right
33%
James City77,612148Center
33%
King and Queen6,942320Right
33%
King George27,381185Right
33%
King William17,641281Right
33%
Lee23,238437Right
33%
Lexington7,2793Left
33%
Louisa38,132511Right
33%
Lunenburg12,267432Right
33%
Lynchburg81,56150Leans Right
33%
Madison13,312322Right
33%
Manassas40,86910Left
33%
Manassas Park18,0043Left
33%
Middlesex10,569133Right
33%
New Kent23,648216Right
33%
Newport News179,06270Left
33%
Northampton11,673218Leans Left
33%
Northumberland12,069196Right
33%
Norton3,9858Right
33%
Orange37,695343Right
33%
Patrick17,493486Right
33%
Petersburg30,44623Left
33%
Pittsylvania59,850977Right
33%
Poquoson12,25716Right
33%
Portsmouth95,09435Left
33%
Prince Edward23,006354Center
33%
Prince George38,686267Right
33%
Pulaski33,935329Right
33%
Rappahannock7,260267Leans Right
33%
Rockingham82,346853Right
33%
Shenandoah43,905512Right
33%
Smyth30,090452Right
33%
Southampton17,636602Right
33%
Spotsylvania138,449413Leans Right
33%
Staunton25,19020Leans Left
33%
Suffolk93,913410Leans Left
33%
Tazewell40,529520Right
33%
Warren40,475216Right
33%
Washington53,695566Right
33%
Westmoreland18,149234Leans Right
33%
Williamsburg15,5299Left
33%
Winchester27,7009Leans Left
33%
Wise37,206405Right
33%
Wythe28,620465Right
33%
York69,199108Leans Right
33%
Alleghany14,986446Right
0%
Augusta76,544971Right
0%
Botetourt33,633546Right
0%
Buchanan20,613504Right
0%
Buena Vista6,4027Right
0%
Carroll30,074478Right
0%
Craig5,077330Right
0%
Cumberland9,933300Right
0%
Dickenson14,078334Right
0%
Dinwiddie28,688507Right
0%
Highland2,200415Right
0%
Lancaster10,618136Leans Right
0%
Mathews8,76688Right
0%
Mecklenburg30,679679Right
0%
Montgomery98,391399Center
0%
Nelson14,755475Leans Right
0%
Nottoway15,160315Right
0%
Page23,933314Right
0%
Powhatan30,148263Right
0%
Radford18,25510Center
0%
Rockbridge22,757601Right
0%
Russell26,647476Right
0%
Scott21,629538Right
0%
Surry6,385281Leans Left
0%
Waynesboro22,74115Leans Right
0%

Score Distribution

Percentile by Number Answered

Percent of People with Each Score

Your Score History

You have not taken this quiz